000 00665nam a2200289Ia 4500
005 20260324145018.0
008 008 260324s9999 xx 000 0 eng d
020 _a9780203770719
037 _aEBOOK
040 _aCRL
040 _beng
040 _cCRL
041 _2eng
041 _aeng
084 _qCRL
100 _aJack Ernest Shalom Hayward
_91221426
245 0 _aOut of Slavery
245 0 _bAbolition and After
260 _bTaylor and Francis
260 _c1985
365 _a
365 _b240
856 _uhttp://www.taylorfrancis.com/books/9780203770719
942 _cEBOOK
999 _c1828766
_d1828766